[Event "Begonia op 58th"]
[Site "Ballarat"]
[Date "2024.03.11"]
[Round "7"]
[White "Salasan, Haran"]
[Black "Nguyen, Thu Giang"]
[Result "1-0"]
[WhiteElo "1966"]
[BlackElo "2062"]
[PlyCount "91"]
[EventDate "2024.03.09"]
[EventType "swiss"]
[EventRounds "7"]
[EventCountry "AUS"]
[SourceTitle "CB11_2024"]
[SourceDate "2024.03.13"]
[SourceVersion "1"]
[SourceVersionDate "2024.03.13"]
[SourceQuality "1"]

1. d4 Nf6 2. c4 e6 3. Nf3 Bb4+ 4. Bd2 Be7 5. Nc3 d5 6. Bf4 0-0 7. e3 a6 8. h3 c5 9. dxc5 Bxc5 10. a3 dxc4 11. Bxc4 b5 12. Be2 Qb6 13. b4 Rd8 14. Qc2 Bf8 15. Rc1 Bd6 16. Bxd6 Qxd6 17. Nxb5 axb5 18. Qxc8 Rxc8 19. Rxc8+ Qf8 20. Rxf8+ Kxf8 21. 0-0 Rxa3 22. Rc1 Na6 23. Bxb5 Nd5 24. Rc8+ Ke7 25. Ng5 Nac7 26. Bc6 h6 27. Ne4 f5 28. Nd2 Ra1+ 29. Kh2 Nxb4 30. Rxc7+ Kd6 31. Rxg7 Nxc6 32. Nc4+ Kd5 33. Nb6+ Ke4 34. Rg6 Nd8 35. Rxh6 e5 36. Nc4 f4 37. Nd2+ Kf5 38. e4+ Kg5 39. Rd6 Nf7 40. Nf3+ Kh5 41. Rf6 Nd6 42. Nxe5 Nxe4 43. Rxf4 Re1 44. Rf5+ Kh6 45. Ng4+ Kg6 46. Re5 1-0

[Event "Begonia op 58th"]
[Site "Ballarat"]
[Date "2024.03.10"]
[Round "3"]
[White "Chakrabarty, Reyaansh"]
[Black "Nguyen, Thu Giang"]
[Result "1/2-1/2"]
[WhiteElo "1925"]
[BlackElo "2062"]
[PlyCount "50"]
[EventDate "2024.03.09"]
[EventType "swiss"]
[EventRounds "7"]
[EventCountry "AUS"]
[SourceTitle "CB11_2024"]
[SourceDate "2024.03.13"]
[SourceVersion "1"]
[SourceVersionDate "2024.03.13"]
[SourceQuality "1"]

1. e4 c6 2. Nf3 d5 3. d3 dxe4 4. dxe4 Qxd1+ 5. Kxd1 Nf6 6. Nbd2 g6 7. Bc4 Bh6 8. Ne5 0-0 9. Re1 Nfd7 10. Nd3 b5 11. Bb3 Na6 12. c3 Ndc5 13. Nxc5 Nxc5 14. Bc2 Rd8 15. Ke2 Be6 16. Nb3 Bc4+ 17. Kf3 Bxc1 18. Raxc1 Bxb3 19. axb3 a5 20. Red1 Kg7 21. Ke3 e5 22. Ra1 Nb7 23. Rxd8 Rxd8 24. g3 Kf6 25. h4 Ke6 1/2-1/2

[Event "Olympiad Women-44"]
[Site "Chennai"]
[Date "2022.08.01"]
[Round "4.4"]
[White "Abrahamyan, Tatev"]
[Black "Nguyen, Thu Giang"]
[Result "1-0"]
[WhiteElo "2291"]
[BlackElo "2119"]
[PlyCount "111"]
[EventDate "2022.07.29"]
[EventType "team-swiss"]
[EventRounds "11"]
[EventCountry "IND"]
[SourceTitle "CBM 210"]
[Source "ChessBase"]
[SourceDate "2022.10.31"]
[SourceVersion "1"]
[SourceVersionDate "2022.10.31"]
[SourceQuality "1"]
[WhiteTeam "United States (W)"]
[BlackTeam "Australia (W)"]
[WhiteTeamCountry "USA"]
[BlackTeamCountry "AUS"]

1. e4 c6 2. Nf3 d5 3. d3 Qc7 4. Nc3 dxe4 5. dxe4 e5 6. Bc4 h6 7. 0-0 b5 8. Bb3 Bc5 9. Ne2 Nf6 10. Ng3 0-0 11. h3 a5 12. a3 Ba6 13. Nh4 Nbd7 14. Qf3 Rfd8 15. Ngf5 Bf8 16. Bxh6 Nc5 17. Bg5 Ncxe4 18. Bxf6 Nxf6 19. Nh6+ gxh6 20. Qxf6 Bg7 21. Qg6 Rd5 22. Bxd5 cxd5 23. Qg4 Bc8 24. Nf5 Bxf5 25. Qxf5 Ra6 26. Qd3 Qc6 27. Rad1 d4 28. Rfe1 Rb6 29. c3 Qc4 30. cxd4 Qxd3 31. Rxd3 exd4 32. Re8+ Kh7 33. Re7 Kg8 34. Rc7 Be5 35. Rc5 Bf6 36. Kf1 a4 37. Rc8+ Kh7 38. Rc7 Kg7 39. Rg3+ Kf8 40. Rf3 Kg7 41. Ke2 Rd6 42. Rb7 Rd5 43. Kd3 Rc5 44. g4 Re5 45. Rf5 Re1 46. Rbxb5 Rd1+ 47. Kc2 Re1 48. Rb7 Re6 49. Kd3 Rc6 50. h4 Kg6 51. h5+ Kg7 52. f4 Re6 53. g5 Re3+ 54. Kc4 hxg5 55. fxg5 Be5 56. Rbxf7+ 1-0

[Event "Online Olym Div Top-A"]
[Site "Chess.com INT"]
[Date "2021.09.08"]
[Round "2.3"]
[White "Nguyen, Thu Giang"]
[Black "Botsari, Anna Maria"]
[Result "0-1"]
[WhiteElo "2119"]
[BlackElo "2222"]
[PlyCount "148"]
[EventDate "2021.09.08"]
[EventType "team (rapid)"]
[EventRounds "9"]
[EventCountry "USA"]
[SourceTitle "CBM 204 Extra"]
[Source "ChessBase"]
[SourceDate "2021.11.30"]
[SourceVersion "1"]
[SourceVersionDate "2021.11.30"]
[SourceQuality "1"]
[WhiteTeam "Australia"]
[BlackTeam "Greece"]
[WhiteTeamCountry "AUS"]
[BlackTeamCountry "GRE"]

1. e4 c5 2. Nf3 e6 3. c3 d5 4. exd5 Qxd5 5. d4 Nf6 6. Nbd2 Nc6 7. Bc4 Qd8 8. Nb3 cxd4 9. cxd4 Bb4+ 10. Bd2 0-0 11. 0-0 a6 12. a4 Nd5 13. Rc1 h6 14. Bd3 Bxd2 15. Qxd2 Qd6 16. Nc5 Ndb4 17. Bb1 Rd8 18. Rfd1 b6 19. Ne4 Qe7 20. Qf4 Bb7 21. Ng3 Rac8 22. Nh5 Nd5 23. Qe4 f5 24. Qe2 Qf7 25. Ng3 Nf4 26. Qe3 g5 27. Ba2 Nb4 28. Bb3 Bd5 29. Ne5 Qb7 30. f3 Rxc1 31. Rxc1 Rc8 32. Bxd5 Nbxd5 33. Qe1 Rc7 34. Rxc7 Qxc7 35. Qd2 Kg7 36. Nf1 Ng6 37. Nxg6 Kxg6 38. Qe2 Nf4 39. Qd2 Qc4 40. a5 b5 41. Ng3 Nd3 42. Qc3 Qxc3 43. bxc3 Nb2 44. Ne2 Nc4 45. Nc1 Nxa5 46. Nd3 Nb3 47. Kf2 Kf6 48. Ke1 a5 49. Kd1 a4 50. Kc2 Na5 51. Nb4 Nc4 52. Kd3 Ke7 53. g4 fxg4 54. fxg4 Kd6 55. Ke4 a3 56. h3 Nb6 57. Na2 Nd5 58. Kd3 Nf4+ 59. Kc2 Nxh3 60. Kb3 Nf2 61. Kxa3 Nxg4 62. Kb4 h5 63. Kxb5 h4 64. c4 h3 65. c5+ Kc7 66. Nb4 h2 67. Na6+ Kc8 68. c6 h1Q 69. Nc5 Qb1+ 70. Ka6 Kc7 71. Nxe6+ Kxc6 72. d5+ Kxd5 73. Nc7+ Kc6 74. Ka5 Kxc7 0-1

[Event "Asia Nations online Cup (Women)"]
[Site "Chess.com INT"]
[Date "2020.10.17"]
[Round "4.4"]
[White "Nguyen, Thu Giang"]
[Black "Alattar, Ghayda M"]
[Result "1-0"]
[WhiteElo "2119"]
[BlackElo "1868"]
[PlyCount "119"]
[EventDate "2020.10.11"]
[EventType "team-swiss (rapid)"]
[EventRounds "9"]
[EventCountry "IND"]
[SourceTitle "CBM 198 Extra"]
[Source "ChessBase"]
[SourceDate "2020.11.30"]
[SourceVersion "1"]
[SourceVersionDate "2020.11.30"]
[SourceQuality "1"]
[WhiteTeam "Australia (W)"]
[BlackTeam "Jordan (W)"]
[WhiteTeamCountry "AUS"]
[BlackTeamCountry "JOR"]

1. e4 d6 2. d4 Nf6 3. Nc3 g6 4. h3 Bg7 5. Be3 Nbd7 6. Qd2 c6 7. Nf3 b5 8. e5 b4 9. exf6 bxc3 10. Qxc3 Nxf6 11. Qxc6+ Bd7 12. Qa6 0-0 13. Bc4 Qc7 14. 0-0 Rab8 15. Bb3 Bb5 16. Qa3 Bxf1 17. Rxf1 d5 18. Ne5 e6 19. Nd3 Rbc8 20. Bf4 Qb7 21. Nc5 Qb6 22. Be5 Rfd8 23. Ba4 Ne4 24. Bxg7 Kxg7 25. b4 a5 26. bxa5 Qxa5 27. Nb7 Qc3 28. Qe7 Rf8 29. Bd7 Rc7 30. Nd8 Kg8 31. Nxe6 Rcc8 32. Nxf8 Rxf8 33. Qe5 Qc4 34. a3 Rd8 35. Bg4 Qxc2 36. h4 h5 37. Qe7 Ra8 38. Bf3 Kg7 39. Bxe4 dxe4 40. d5 Qa4 41. Qe5+ Kg8 42. d6 Re8 43. Qc3 Rd8 44. Qc7 Rd7 45. Qc8+ Kg7 46. Qc3+ Kg8 47. Rb1 Qa7 48. Qe5 e3 49. fxe3 Rd8 50. Kf2 Qxa3 51. Rd1 Qa4 52. Rd4 Qc2+ 53. Kg3 Qc1 54. d7 Qe1+ 55. Kf3 Qf1+ 56. Kg3 Qe1+ 57. Kh2 Kh7 58. Qe7 Rxd7 59. Rxd7 Qxh4+ 60. Qxh4 1-0

[Event "Asia Nations online Cup (Women)"]
[Site "Chess.com INT"]
[Date "2020.10.11"]
[Round "2.4"]
[White "Mak, Xiu Ning Charlene"]
[Black "Nguyen, Thu Giang"]
[Result "1/2-1/2"]
[WhiteElo "1678"]
[BlackElo "2119"]
[PlyCount "160"]
[EventDate "2020.10.11"]
[EventType "team-swiss (rapid)"]
[EventRounds "9"]
[EventCountry "IND"]
[SourceTitle "CBM 198 Extra"]
[Source "ChessBase"]
[SourceDate "2020.11.30"]
[SourceVersion "1"]
[SourceVersionDate "2020.11.30"]
[SourceQuality "1"]
[WhiteTeam "Singapore (W)"]
[BlackTeam "Australia (W)"]
[WhiteTeamCountry "SIN"]
[BlackTeamCountry "AUS"]

1. e4 d5 2. exd5 Qxd5 3. Nf3 Bg4 4. Be2 e5 5. Nc3 Qa5 6. 0-0 Nd7 7. d4 Bxf3 8. Bxf3 0-0-0 9. dxe5 Qxe5 10. Re1 Qa5 11. Bf4 Ngf6 12. a3 g5 13. Be3 Bd6 14. Nd5 Rhg8 15. b4 Qa6 16. Be2 Qc6 17. c4 a6 18. Qb3 b5 19. Nxf6 Nxf6 20. cxb5 axb5 21. Rec1 Qe8 22. a4 Qe5 23. g3 Nd5 24. Bxb5 Nxb4 25. Qc3 Qf5 26. Bf1 Kd7 27. a5 Ra8 28. a6 Nxa6 29. Rxa6 Rxa6 30. Bxa6 Rb8 31. Qc6+ Ke7 32. Bf1 h5 33. Bg2 Rb2 34. Qe4+ Qxe4 35. Bxe4 f6 36. Bd4 Rd2 37. Be3 Ra2 38. Bd5 Ra5 39. Bf3 h4 40. Re1 Kd7 41. Bd4 f5 42. Bg2 hxg3 43. hxg3 c5 44. Bc3 Ra3 45. Bb2 Rb3 46. Bf6 g4 47. Rd1 c4 48. Be5 Rb6 49. Bf1 c3 50. Bxc3 Ke6 51. Bc4+ Ke7 52. Bd3 Rc6 53. Bd4 Ke6 54. Re1+ Kd5 55. Be3 Bb4 56. Rd1 Ke6 57. Bf4 Bc5 58. Re1+ Kf6 59. Re5 Bd4 60. Rxf5+ Ke6 61. Rg5 Rc3 62. Bf5+ Kf6 63. Bxg4 Rc2 64. Rf5+ Kg6 65. Bd6 Rd2 66. Be5 Ba7 67. Rf3 Kg5 68. Bf4+ Kxg4 69. Bxd2 Kxf3 70. Be1 Ke2 71. Kg2 Kxe1 72. f4 Ke2 73. f5 Ke3 74. f6 Ke4 75. g4 Kf4 76. Kh3 Kg5 77. f7 Bc5 78. Kg3 Kg6 79. Kf4 Kxf7 80. Kf5 Kg7 1/2-1/2

[Event "Online Olym Div2 A"]
[Site "Chess.com INT"]
[Date "2020.08.15"]
[Round "5.4"]
[White "Hallaeva, Bahar"]
[Black "Nguyen, Thu Giang"]
[Result "1/2-1/2"]
[WhiteElo "2163"]
[BlackElo "2119"]
[PlyCount "113"]
[EventDate "2020.08.14"]
[EventType "team-tourn (rapid)"]
[EventRounds "9"]
[EventCountry "USA"]
[SourceTitle "CBM 198"]
[Source "ChessBase"]
[SourceDate "2020.10.31"]
[SourceVersion "1"]
[SourceVersionDate "2020.10.31"]
[SourceQuality "1"]
[WhiteTeam "Turkmenistan"]
[BlackTeam "Australia"]
[WhiteTeamCountry "TKM"]
[BlackTeamCountry "AUS"]

1. e4 Nf6 2. e5 Nd5 3. c4 Nb6 4. c5 Nd5 5. d4 e6 6. Nf3 d6 7. cxd6 cxd6 8. a3 Nc6 9. Bd3 Qb6 10. 0-0 Bd7 11. Be4 Nc7 12. Nc3 Na5 13. exd6 Bxd6 14. b4 Nc6 15. Na4 Qb5 16. Nc5 Bxc5 17. Bd3 Bxd4 18. Bxb5 Bxa1 19. Bf4 Nxb5 20. Qxa1 0-0 21. a4 Nxb4 22. axb5 Nd5 23. Bd6 Rfc8 24. Qb2 f6 25. h3 Rc4 26. Nd2 Rc3 27. Ne4 Rc4 28. Nd2 Rc3 29. Ne4 Rc4 30. Nc5 Bc8 31. Qe2 Rd4 32. Nb3 Nc3 33. Nxd4 Nxe2+ 34. Nxe2 Bd7 35. Rb1 e5 36. Bc5 Kf7 37. Ng3 f5 38. f3 g6 39. Ra1 a6 40. bxa6 bxa6 41. Bb6 Bb5 42. Bc7 Kf6 43. Re1 Re8 44. Kf2 h5 45. h4 Bd3 46. Rd1 e4 47. fxe4 fxe4 48. Ke3 Rc8 49. Ba5 Rc2 50. Rd2 Rc4 51. Ne2 Kf5 52. Nf4 Kg4 53. Nxg6 Ra4 54. Bd8 a5 55. Ne5+ Kg3 56. Bg5 Bb1 57. Be7 1/2-1/2

[Event "Online Olym Div2 A"]
[Site "Chess.com INT"]
[Date "2020.08.15"]
[Round "4.4"]
[White "Nguyen, Thu Giang"]
[Black "Sultana, Sharmin Shirin"]
[Result "1-0"]
[WhiteElo "2119"]
[BlackElo "2002"]
[PlyCount "81"]
[EventDate "2020.08.14"]
[EventType "team-tourn (rapid)"]
[EventRounds "9"]
[EventCountry "USA"]
[SourceTitle "CBM 198"]
[Source "ChessBase"]
[SourceDate "2020.10.31"]
[SourceVersion "1"]
[SourceVersionDate "2020.10.31"]
[SourceQuality "1"]
[WhiteTeam "Australia"]
[BlackTeam "Bangladesh"]
[WhiteTeamCountry "AUS"]
[BlackTeamCountry "BAN"]

1. e4 c5 2. Nf3 e6 3. c3 d5 4. exd5 Qxd5 5. Bb5+ Nc6 6. 0-0 Nf6 7. c4 Qh5 8. d4 Bd7 9. Be3 Ng4 10. d5 Nce5 11. Bxd7+ Nxd7 12. dxe6 fxe6 13. Bg5 Nxh2 14. Nxh2 Qxg5 15. Re1 e5 16. Nf3 Qf5 17. Qa4 Bd6 18. Nc3 0-0 19. Rad1 Nb6 20. Qb5 Rad8 21. Ne4 Be7 22. Ng3 Qc2 23. Rc1 Qa4 24. Qxa4 Nxa4 25. b3 Nb2 26. Nxe5 Bd6 27. Rb1 Bxe5 28. Rxe5 Rd2 29. f3 Nd3 30. Rd5 b6 31. Ne4 Rxg2+ 32. Kxg2 Nf4+ 33. Kg3 Nxd5 34. cxd5 Kf7 35. Kf4 h6 36. Rg1 Rd8 37. Ke5 g6 38. d6 g5 39. Rh1 Rh8 40. Nxg5+ Kg6 41. Ne6 1-0

[Event "Olympiad Women-43"]
[Site "Batumi"]
[Date "2018.09.26"]
[Round "3.18"]
[White "Nguyen, Thu Giang"]
[Black "Chumpitaz Carbajal, Ann"]
[Result "1-0"]
[WhiteElo "2134"]
[BlackElo "2222"]
[PlyCount "101"]
[EventDate "2018.09.24"]
[EventType "team-swiss"]
[EventRounds "11"]
[EventCountry "GEO"]
[SourceTitle "EXT 2020"]
[Source "ChessBase"]
[SourceDate "2019.10.17"]
[SourceVersion "1"]
[SourceVersionDate "2019.10.17"]
[SourceQuality "1"]
[WhiteTeam "Australia (W)"]
[BlackTeam "Peru (W)"]
[WhiteTeamCountry "AUS"]
[BlackTeamCountry "PER"]

1. e4 c5 2. Nf3 d6 3. Bb5+ Bd7 4. Bxd7+ Qxd7 5. c4 Nc6 6. d4 cxd4 7. Nxd4 g6 8. 0-0 Bg7 9. Be3 Nf6 10. f3 0-0 11. Nc3 a6 12. a4 Qc8 13. Rc1 Nd7 14. Nd5 Re8 15. b3 e6 16. Nc3 Nxd4 17. Bxd4 Bxd4+ 18. Qxd4 Qc5 19. Rfd1 Rad8 20. f4 e5 21. Qxc5 Nxc5 22. b4 Nb3 23. Rb1 Nd4 24. Nd5 Kg7 25. fxe5 dxe5 26. Kf2 f5 27. Ke3 Rf8 28. Rbc1 fxe4 29. Kxe4 Rf2 30. Ne3 Rf4+ 31. Kxe5 Rff8 32. Nd5 Ne2 33. Nc7 Rf5+ 34. Ke6 Nxc1 35. Rxc1 Rd4 36. Ne8+ Kf8 37. Nd6 Rf2 38. Nxb7 Re2+ 39. Kf6 Rxg2 40. b5 Ra2 41. Nc5 Rf4+ 42. Ke5 Rf5+ 43. Kd4 axb5 44. axb5 Rxh2 45. b6 Rh4+ 46. Ne4 Ke7 47. c5 Kd7 48. c6+ Kc8 49. Ra1 Kb8 50. c7+ Kb7 51. Ra8 1-0

[Event "Victoria op"]
[Site "Melbourne"]
[Date "2018.06.11"]
[Round "6"]
[White "Nguyen, Thu Giang"]
[Black "Melkumyan, Hrant"]
[Result "0-1"]
[WhiteElo "2128"]
[BlackElo "2662"]
[PlyCount "50"]
[EventDate "2018.06.08"]
[EventType "swiss"]
[EventRounds "7"]
[EventCountry "AUS"]
[SourceTitle "CBM 184 Extra"]
[Source "ChessBase"]
[SourceDate "2018.06.28"]
[SourceVersion "1"]
[SourceVersionDate "2018.06.28"]
[SourceQuality "1"]

1. e4 e5 2. Nf3 Nc6 3. Bb5 a6 4. Ba4 Nf6 5. Qe2 b5 6. Bb3 Bc5 7. c3 0-0 8. d3 Re8 9. Bg5 Be7 10. Nbd2 d6 11. h3 Na5 12. Bc2 c5 13. Nf1 Be6 14. g4 Nc6 15. Ng3 d5 16. Nf5 d4 17. cxd4 exd4 18. Nxe7+ Qxe7 19. Nd2 c4 20. a3 c3 21. bxc3 dxc3 22. Nf3 Qd6 23. 0-0 Nxg4 24. Qe1 Nd4 25. Kg2 Nxc2 0-1

[Event "Victoria op"]
[Site "Melbourne"]
[Date "2018.06.09"]
[Round "3"]
[White "Wang, Kayson"]
[Black "Nguyen, Thu Giang"]
[Result "1/2-1/2"]
[WhiteElo "1895"]
[BlackElo "2128"]
[PlyCount "47"]
[EventDate "2018.06.08"]
[EventType "swiss"]
[EventRounds "7"]
[EventCountry "AUS"]
[SourceTitle "CBM 184 Extra"]
[Source "ChessBase"]
[SourceDate "2018.06.28"]
[SourceVersion "1"]
[SourceVersionDate "2018.06.28"]
[SourceQuality "1"]

1. d4 Nf6 2. c4 e6 3. g3 Bb4+ 4. Bd2 Qe7 5. Bg2 0-0 6. Nf3 Ne4 7. 0-0 d5 8. Qc2 Nc6 9. a3 Bxd2 10. Nbxd2 f5 11. Rac1 Rb8 12. cxd5 exd5 13. b4 a6 14. Nb3 f4 15. Nfd2 fxg3 16. hxg3 Nf6 17. e4 Be6 18. e5 Ng4 19. Nf3 Bf5 20. Qd2 Be4 21. Ng5 Bxg2 22. Kxg2 Nd8 23. Nc5 c6 24. Rce1 1/2-1/2

[Event "Doeberl Cup 56th"]
[Site "Canberra"]
[Date "2018.04.01"]
[Round "8"]
[White "Lam, Daniel King Wai"]
[Black "Nguyen, Thu Giang"]
[Result "1-0"]
[WhiteElo "2215"]
[BlackElo "2131"]
[PlyCount "139"]
[EventDate "2018.03.29"]
[EventType "swiss"]
[EventRounds "9"]
[EventCountry "AUS"]
[SourceTitle "CBM 187 Extra"]
[Source "ChessBase"]
[SourceDate "2018.11.04"]
[SourceVersion "1"]
[SourceVersionDate "2018.11.04"]
[SourceQuality "1"]

1. c4 Nf6 2. Nc3 e6 3. e4 d5 4. e5 Ne4 5. Qc2 Nxc3 6. bxc3 c5 7. f4 Nc6 8. Nf3 f6 9. Bd3 f5 10. 0-0 Be7 11. Bb2 b6 12. cxd5 Qxd5 13. Qa4 0-0 14. Bc4 Qd7 15. Qd1 Na5 16. Be2 Bb7 17. d3 Rad8 18. Qc2 Bc6 19. Bc1 Bb5 20. Ne1 Ba4 21. Qb2 h6 22. Nf3 Qd5 23. Be3 Bc6 24. Rad1 Bb7 25. Rf2 Qc6 26. Nd2 Bh4 27. Rf3 Qa4 28. Rff1 Be7 29. Nb3 Nc6 30. Nxc5 Bxc5 31. Bxc5 bxc5 32. Qxb7 Rf7 33. Qb2 Rb8 34. Qd2 Rfb7 35. Qe3 Rb2 36. Bf3 Qb5 37. Rd2 Rxd2 38. Qxd2 Na5 39. Qe3 Rc8 40. g4 g6 41. Rf2 Rc7 42. gxf5 gxf5 43. Rg2+ Kh7 44. Be2 Rg7 45. Rxg7+ Kxg7 46. Qg3+ Kf7 47. Qh4 Qb1+ 48. Kf2 Qxa2 49. Qf6+ Ke8 50. Qh8+ Kd7 51. Qg7+ Kc6 52. Qxa7 h5 53. Qa6+ Kc7 54. Qd6+ Kb7 55. Qxc5 Nc6 56. Qb5+ Kc7 57. Qc5 Qd2 58. Qe3 Qxc3 59. Bxh5 Nd4 60. h4 Nc2 61. Qa7+ Kc8 62. Qa6+ Kc7 63. Qc4+ Qxc4 64. dxc4 Nd4 65. Be2 Kd7 66. h5 Ke7 67. c5 Kf7 68. Bf3 Kg7 69. c6 Nb5 70. Ke3 1-0

[Event "Doeberl Cup 56th"]
[Site "Canberra"]
[Date "2018.03.30"]
[Round "4"]
[White "Jiang, Zhaoyi"]
[Black "Nguyen, Thu Giang"]
[Result "0-1"]
[WhiteElo "2011"]
[BlackElo "2131"]
[PlyCount "126"]
[EventDate "2018.03.29"]
[EventType "swiss"]
[EventRounds "9"]
[EventCountry "AUS"]
[SourceTitle "EXT 2023"]
[Source "ChessBase"]
[SourceDate "2022.10.05"]
[SourceVersion "1"]
[SourceVersionDate "2022.10.05"]
[SourceQuality "1"]

1. d4 Nf6 2. c4 e6 3. Nf3 b6 4. g3 Bb4+ 5. Nbd2 Ne4 6. Bg2 Bb7 7. 0-0 f5 8. Qc2 0-0 9. e3 Be7 10. Ne5 d5 11. b3 c5 12. Bb2 Nc6 13. Nxc6 Bxc6 14. Nf3 Rc8 15. Rfd1 Bf6 16. Rac1 Qe8 17. Ne5 Ba8 18. Nd3 dxc4 19. bxc4 cxd4 20. exd4 Rd8 21. Ne1 Bc6 22. Qe2 Rf7 23. f3 Nd6 24. Nc2 Bb7 25. Ne3 Ba6 26. Qf2 Qa4 27. Qc2 Qe8 28. Qb3 Nb7 29. Qa3 Na5 30. f4 Rfd7 31. d5 Bxb2 32. Qxb2 exd5 33. Bxd5+ Kh8 34. Re1 Re7 35. Kf2 Qf8 36. Qc2 Bc8 37. Rcd1 Rc7 38. Qb2 Ba6 39. Qe5 Qc5 40. Qxf5 Rf8 41. Qe4 Nxc4 42. Qf3 Re7 43. Bxc4 Bxc4 44. Rc1 b5 45. Kg2 Qb4 46. Rb1 Qc3 47. Qf2 Rfe8 48. Rbc1 Qb4 49. Nc2 Qd6 50. Rxe7 Rxe7 51. Ne3 Qa3 52. Re1 Bxa2 53. Nc2 Bd5+ 54. Kg1 Rxe1+ 55. Nxe1 h6 56. f5 Qc3 57. g4 b4 58. h4 Qc4 59. Qg3 Qd4+ 60. Kh2 b3 61. g5 b2 62. Qb8+ Bg8 63. Nf3 Qf2+ 0-1

[Event "Rilton Cup 47th"]
[Site "Stockholm"]
[Date "2018.01.05"]
[Round "9"]
[White "Schekachikhin, Maksim"]
[Black "Nguyen, Thu Giang"]
[Result "1/2-1/2"]
[WhiteElo "2368"]
[BlackElo "2075"]
[PlyCount "78"]
[EventDate "2017.12.27"]
[EventType "swiss"]
[EventRounds "9"]
[EventCountry "SWE"]
[SourceTitle "CBM 182 Extra"]
[Source "ChessBase"]
[SourceDate "2018.02.23"]
[SourceVersion "1"]
[SourceVersionDate "2018.02.23"]
[SourceQuality "1"]

1. d4 Nf6 2. c4 e6 3. Nc3 Bb4 4. Qc2 b6 5. e4 Bxc3+ 6. bxc3 d6 7. Bd3 e5 8. Ne2 Nc6 9. 0-0 0-0 10. f4 Nd7 11. fxe5 dxe5 12. Ba3 Re8 13. c5 Na5 14. Bb4 Nc6 15. Bc4 Nf6 16. d5 bxc5 17. Bxc5 Na5 18. Bd3 Nb7 19. Be3 Ng4 20. Qd2 Qd6 21. Bb5 Bd7 22. Bxd7 Qxd7 23. h3 Nf6 24. Qc2 Nd6 25. Ng3 Reb8 26. Rab1 Nc4 27. Rxb8+ Rxb8 28. Bxa7 Rb2 29. Qd3 Qa4 30. Bf2 Qxa2 31. Nf5 g6 32. d6 cxd6 33. Nxd6 Nxd6 34. Qxd6 Nxe4 35. Qxe5 Nxf2 36. Qe8+ Kg7 37. Qe5+ Kg8 38. Qe8+ Kg7 39. Qe5+ Kg8 1/2-1/2

[Event "Rilton Cup 47th"]
[Site "Stockholm"]
[Date "2018.01.02"]
[Round "6"]
[White "Nguyen, Thu Giang"]
[Black "Bhakti, Kulkarni"]
[Result "1-0"]
[WhiteElo "2075"]
[BlackElo "2311"]
[PlyCount "131"]
[EventDate "2017.12.27"]
[EventType "swiss"]
[EventRounds "9"]
[EventCountry "SWE"]
[SourceTitle "CBM 182 Extra"]
[Source "ChessBase"]
[SourceDate "2018.02.23"]
[SourceVersion "1"]
[SourceVersionDate "2018.02.23"]
[SourceQuality "1"]

1. e4 e5 2. Nf3 Nc6 3. Bb5 a6 4. Ba4 Nf6 5. Qe2 b5 6. Bb3 Bc5 7. d3 d6 8. c3 h6 9. 0-0 0-0 10. Rd1 Re8 11. Be3 Bxe3 12. fxe3 Na5 13. Bc2 c5 14. Nbd2 Nc6 15. Nf1 Be6 16. h3 Ra7 17. Ng3 g6 18. Qf2 Nh7 19. d4 cxd4 20. exd4 exd4 21. Nxd4 Nxd4 22. Rxd4 Rd7 23. a4 Qg5 24. Rad1 Red8 25. axb5 axb5 26. Nf5 d5 27. h4 Qf6 28. Nxh6+ Kg7 29. Nf5+ Kf8 30. Ne3 dxe4 31. Rxd7 Rxd7 32. Rxd7 Bxd7 33. Bxe4 Qd6 34. h5 Kg7 35. hxg6 fxg6 36. Nd5 Qe5 37. Qf4 Qxf4 38. Nxf4 Nf8 39. Kf2 Kf6 40. Ke3 g5 41. Ne2 Ne6 42. Nd4 Nc5 43. b4 Na4 44. Kd3 Nb2+ 45. Ke3 Nc4+ 46. Ke2 Ke5 47. Bd3 Kd5 48. Nf3 g4 49. Bxc4+ bxc4 50. Nd2 Be6 51. Ke3 Ke5 52. g3 Bd5 53. b5 Bf7 54. b6 Kd6 55. Kd4 Kc6 56. Nxc4 Be6 57. Ne3 Kxb6 58. Ke5 Bc8 59. Kd6 Kb5 60. c4+ Kb4 61. c5 Kc3 62. c6 Kd4 63. Nd5 Ke4 64. Ne7 Ba6 65. c7 Kf3 66. Kc6 1-0

[Event "Olympiad Women-42"]
[Site "Baku"]
[Date "2016.09.10"]
[Round "8.1"]
[White "Nguyen, Thu Giang"]
[Black "Tan, Li Ting"]
[Result "0-1"]
[WhiteElo "2119"]
[BlackElo "1993"]
[PlyCount "114"]
[EventDate "2016.09.02"]
[EventType "team-swiss"]
[EventRounds "11"]
[EventCountry "AZE"]
[SourceTitle "CBM 174 Extra"]
[Source "ChessBase"]
[SourceDate "2016.10.10"]
[SourceVersion "1"]
[SourceVersionDate "2016.10.10"]
[SourceQuality "1"]
[WhiteTeam "Australia (W)"]
[BlackTeam "Malaysia (W)"]
[WhiteTeamCountry "AUS"]
[BlackTeamCountry "MAS"]

1. e4 e5 2. Bc4 Nf6 3. d3 Bc5 4. Nc3 d6 5. Na4 0-0 6. Nxc5 dxc5 7. Bg5 Qd6 8. Qf3 Ne8 9. Ne2 Nc6 10. c3 Na5 11. Rd1 Nxc4 12. dxc4 Qe6 13. b3 Nd6 14. Ng3 b6 15. 0-0 Qg6 16. Be7 Bg4 17. Qd3 Rfe8 18. f3 Rxe7 19. fxg4 Qxg4 20. Nf5 Re6 21. Rde1 Rae8 22. h3 Qg5 23. Re3 Nxf5 24. Rxf5 Qd8 25. Qf1 Rd6 26. Kh2 Qd7 27. Rg3 Qe7 28. Qc1 Red8 29. Qg5 f6 30. Qh4 g6 31. Rf2 Kg7 32. Rgf3 Rf8 33. Qg4 Qd7 34. Qh4 Qd8 35. g4 g5 36. Qg3 Rd2 37. h4 h6 38. h5 Rxf2+ 39. Rxf2 Qd1 40. Qg2 Rd8 41. Re2 Rd3 42. Rc2 Qe1 43. Rf2 Rxc3 44. Rf3 Rc1 45. Rd3 Kf7 46. Rf3 Ke7 47. Rf2 Rd1 48. Qf3 Qg1+ 49. Kh3 Rd3 50. Qxd3 Qxf2 51. Qg3 Qxa2 52. Qf3 a5 53. Qf5 Qxb3+ 54. Kg2 Qxc4 55. Qh7+ Qf7 56. Qxh6 Qg8 57. Kf3 a4 0-1

[Event "Olympiad Women-42"]
[Site "Baku"]
[Date "2016.09.09"]
[Round "7.2"]
[White "Nguyen, Thu Giang"]
[Black "Zhang, Jasmine Haomo"]
[Result "1-0"]
[WhiteElo "2119"]
[BlackElo "1721"]
[PlyCount "71"]
[EventDate "2016.09.02"]
[EventType "team-swiss"]
[EventRounds "11"]
[EventCountry "AZE"]
[SourceTitle "CBM 174 Extra"]
[Source "ChessBase"]
[SourceDate "2016.10.10"]
[SourceVersion "1"]
[SourceVersionDate "2016.10.10"]
[SourceQuality "1"]
[WhiteTeam "Australia (W)"]
[BlackTeam "New Zealand (W)"]
[WhiteTeamCountry "AUS"]
[BlackTeamCountry "NZL"]

1. e4 c5 2. Nf3 d6 3. d4 cxd4 4. Qxd4 a6 5. c4 Nc6 6. Qd2 Nf6 7. Nc3 e6 8. b3 h6 9. Bb2 Be7 10. Be2 Qc7 11. Rc1 0-0 12. 0-0 Rd8 13. Bd3 Qa5 14. a3 Qc7 15. Bb1 b6 16. Nd5 exd5 17. cxd5 Qa7 18. Rxc6 Bd7 19. Rc3 Ne8 20. Nd4 Bg5 21. f4 Bf6 22. Rcf3 Qb7 23. Qe3 Nc7 24. Qd3 Bb5 25. Nxb5 Bxb2 26. Qc2 Nxb5 27. Qxb2 Qe7 28. Rg3 f6 29. a4 Nc7 30. Qd4 Rdb8 31. Rc1 a5 32. Qd3 Kf8 33. e5 g5 34. exf6 Qf7 35. fxg5 Nxd5 36. g6 1-0